सेनानी स्वाधीनता संग्राम के / (Record no. 212964)

MARC details
000 -LEADER
fixed length control field 00919nam a22002057a 4500
005 - DATE AND TIME OF LATEST TRANSACTION
control field 20250808115953.0
010 ## - LCCN (DPL NO)
LC control number HIN-130220-22
020 ## - INTERNATIONAL STANDARD BOOK NUMBER
Terms of availability 900.00 (3 खंड )
International Standard Book Number 9789393232854 (3 खंड सेट)
035 ## - SYSTEM CONTROL NUMBER
System control number HN-102566-68
037 ## - SOURCE OF ACQUISITION
Source of stock number/acquisition DBAD
082 ## - DEWEY DECIMAL CLASSIFICATION NUMBER
Classification number 920
100 ## - MAIN ENTRY--PERSONAL NAME
Personal name व्यथितहृदय
245 ## - TITLE STATEMENT
Title सेनानी स्वाधीनता संग्राम के /
Statement of responsibility, etc व्यथितहृदय
260 ## - PUBLICATION, DISTRIBUTION, ETC. (IMPRINT)
Place of publication, distribution, etc नई दिल्ली
Name of publisher, distributor, etc सामयिक प्रकाशन
Date of publication, distribution, etc 2024
270 ## - ADDRESS
Address 3320-21, जटवाड़ा, नेताजी सुभाष मार्ग दरियागंज ,
City नई दिल्ली
Postal code 110002
300 ## - PHYSICAL DESCRIPTION
Extent 3भाग (168;167;160पृ.)
Dimensions 22 सेमी (सजिल्द)
490 ## - SERIES STATEMENT
Volume number/sequential designation 3 खंडो का सेट
760 ## - MAIN SERIES ENTRY
Edition 1
942 ## - ADDED ENTRY ELEMENTS (KOHA)
Source of classification or shelving scheme Dewey Decimal Classification
Item type Hindi Books
Classification part 920
Call number suffix व्यथित
Holdings
Withdrawn status Lost status Materials specified (bound volume or other part) Not for loan Collection code Home library Current library Date acquired Source of acquisition Cost, normal purchase price Full call number Barcode Copy number Cost, replacement price Koha item type
    VOL-1   Non-fiction Sarojini Nagar Sarojini Nagar 08/08/2025 DBAD 900.00 920 व्यथित HN-102566 1 900.00 Hindi Books
    VOL-2   Non-fiction Sarojini Nagar Sarojini Nagar 08/08/2025 DBAD 900.00 920 व्यथित HN-102567 2 900.00 Hindi Books
    VOL-3   Non-fiction Sarojini Nagar Sarojini Nagar 08/08/2025 DBAD 900.00 920 व्यथित HN-102568 3 900.00 Hindi Books

© Delhi Public Library
Hit Counter
free hit counter